| 000 | 01056cam a2200325 i 4500 | ||
|---|---|---|---|
| 001 | 14276 | ||
| 003 | BD-JhCC | ||
| 005 | 20250226105445.0 | ||
| 008 | 220526s2020 cc a 001 0 eng | ||
| 020 | _a9781491903520 | ||
| 035 | _a(BD-JhCC)14276 | ||
| 040 |
_aDLC _erda _cDLC _dBD-JhCC |
||
| 041 | _aeng | ||
| 050 | 0 | 0 |
_aTJ223.P76 _bM35 2020 |
| 082 | 0 | 4 |
_a629.895 _223 |
| 100 | 1 |
_aMargolis, Michael _c(Computer scientist), |
|
| 245 | 1 | 0 |
_aArduino cookbook : _brecipes to begin, expand, and enhance your projects / _cMichael Margolis, Brian Jepson, and Nicholas Robert Weldin. |
| 250 | _aThird edition. | ||
| 260 |
_aUSA _bO`Reilly _c2020 |
||
| 300 |
_axxi, 769 pages : _billustrations ; _c24 cm |
||
| 500 | _a"Covers Arduino 1.8"--Cover | ||
| 500 | _aIncludes index. | ||
| 650 | 0 | _aArduino (Programmable controller) | |
| 650 | 0 | _aProgrammable controllers. | |
| 650 | 0 |
_aMicrocontrollers _xProgramming. |
|
| 700 | 1 |
_aJepson, Brian, _d1967- |
|
| 700 | 1 | _aWeldin, Nicholas Robert, | |
| 942 |
_2ddc _cBK |
||
| 999 |
_c14276 _d14276 |
||